Online Catalogue and eLibrary

Innoru venniravu (Record no. 4153)

MARC details
000 -LEADER
fixed length control field 00374nam a2200145Ia 4500
005 - DATE AND TIME OF LATEST TRANSACTION
control field 20250405181554.0
008 - FIXED-LENGTH DATA ELEMENTS--GENERAL INFORMATION
fixed length control field 240331s9999 xx 000 0 und d
082 ## - DDC Classification
Item Number - Author Mark SAN
Class No. 894
100 ## - MAIN ENTRY--PERSONAL NAME
Personal name Santhan, A
245 #0 - TITLE STATEMENT
Title Innoru venniravu
260 ## - PUBLICATION, DISTRIBUTION, ETC.
Place of publication, distribution, etc. Jaffna
Name of publisher, distributor, etc. Venn Pura Publications
Date of publication, distribution, etc. 1888
300 ## - PHYSICAL DESCRIPTION
Extent (e.g. Volumes, Pages etc.) viii, 42 p .,
500 ## - GENERAL NOTE
General note Collection of Short Stories in Tamil
942 ## - Koha item type (Biblio)
Koha item type Books in Stacks (Lending)
Holdings
Lost status Damaged status Collection code Home library Current library Shelving location Date acquired Full call number Accession Number Item type
    Lending WERC Library WERC Library Social Science Cupboard 03/31/2024 894.811 SAN 5393 Books in Stacks (Lending)

© WERC Library